000 00677nam a2200229Ia 4500
003 OSt
005 20220923214817.0
006 a|||||r|||| 00| 0
007 ta
008 220922b |||||||| |||| 00| 0 hin d
024 _a173,026
037 _cTextual
040 _aARTS
_cARTS
_bhin
041 _2hin
_ahin
082 _aO152:6N091x, H9;1
100 _aदेवेन्द्र सत्यार्थी
245 0 _aरेखाएं बोल उठी
246 _aRekhāean bol uṭhī
260 _c1949
942 _hO152:6N091x, H9;1
_cTEXL
_2CC
999 _c326933
_d326933